Communist China: (رقم التسجيلة. 106946)

تفاصيل مارك
000 -LEADER
fixed length control field 009830am a22002890004500
008 - FIXED-LENGTH DATA ELEMENTS--GENERAL INFORMATION
fixed length control field 700311s1968 enkb b 001 0 eng
010 ## - LIBRARY OF CONGRESS CONTROL NUMBER
LC control number 70442584
040 ## - CATALOGING SOURCE
Original cataloging agency DLC
Transcribing agency DLC
Modifying agency DLC
050 00 - LIBRARY OF CONGRESS CALL NUMBER
Classification number DS777.55
Item number .S347 1968
092 04 - LOCALLY ASSIGNED DEWEY CALL NUMBER (OCLC)
Classification number 915.1035
Item number S394
Edition number 21
099 ## - LOCAL FREE-TEXT CALL NUMBER (OCLC)
Classification number 04
-- 915.1035 S394
100 1# - MAIN ENTRY--PERSONAL NAME
Personal name Schurmann, Franz,
Dates associated with a name 1924-
245 10 - TITLE STATEMENT
Title Communist China:
Remainder of title revolutionary reconstruction and international confrontation 1949 to the present;
Statement of responsibility, etc. edited, annotated, and with introductions by Franz Schurmann and Orville Schell.
260 ## - PUBLICATION, DISTRIBUTION, ETC.
Place of publication, distribution, etc. Harmondsworth,
Name of publisher, distributor, etc. Penguin,
Date of publication, distribution, etc. 1968.
300 ## - PHYSICAL DESCRIPTION
Extent xxxiii, 647 p.
Other physical details map.
Dimensions 19 cm.
440 #0 - SERIES STATEMENT/ADDED ENTRY--TITLE
Title China readings,
Volume/sequential designation 3
490 0# - SERIES STATEMENT
Series statement Pelican books, A924.
500 ## - GENERAL NOTE
General note Map on lining paper.
504 ## - BIBLIOGRAPHY, ETC. NOTE
Bibliography, etc. note Bibliography: p. 627-268.
651 #0 - SUBJECT ADDED ENTRY--GEOGRAPHIC NAME
Geographic name China.
700 1# - ADDED ENTRY--PERSONAL NAME
Personal name Schell, Orville.
902 ## - LOCAL DATA ELEMENT B, LDB (RLIN)
No. of Items 1
905 ## - LOCAL DATA ELEMENT E, LDE (RLIN)
Cataloger Eman
Reviser Rev
905 ## - LOCAL DATA ELEMENT E, LDE (RLIN)
Cataloger Esraa
Reviser Cat
942 ## - ADDED ENTRY ELEMENTS (KOHA)
Source of classification or shelving scheme Dewey Decimal Classification
Koha item type Books
المقتنيات
Source of classification or shelving scheme Not for loan Home library Current library Date acquired Full call number Barcode Date last seen Copy number Koha item type
Dewey Decimal Classification   المكتبة المركزبة الجديدة - جامعة القاهرة قاعة المكتبات المهداة - الدور الرابع 11.02.2024 915.1035 S394 M.K 01000114000154000 23.06.2024 C.1 Books
Cairo University Libraries Portal Implemented & Customized by: Eng. M. Mohamady Contacts: new-lib@cl.cu.edu.eg | cnul@cl.cu.edu.eg
CUCL logo CNUL logo
© All rights reserved — Cairo University Libraries
CUCL logo
Implemented & Customized by: Eng. M. Mohamady Contact: new-lib@cl.cu.edu.eg © All rights reserved — New Central Library
CNUL logo
Implemented & Customized by: Eng. M. Mohamady Contact: cnul@cl.cu.edu.eg © All rights reserved — Cairo National University Library